LEADER 01340nam a2200277 i 4500 001 000000161148 003 CaOOAMICUS 005 20070521000000.0 008 070521s1973 it u000 u ita u 013 $a138511 040 $aSeMil$bita 245 10$aInni sacri di San Nersès il Grazioso patriarca degli Armeni 1102-1173 :$bin occasione dell'ottavo centenario della morte, 1173-1973 /$ctradotti e pubblicati a cura del p. Mesrobio Gianascian, Mechitarista. 260 $aVenezia :$bSan Lazzaro,$c1973. 300 $aXXXI, 231 p. ;$c22 cm. 500 $aFondo Card. Giovanni Colombo. 650 4$aNerses IV - Opere.$0(OLS)http://semarc/subject/17506 700 1 $aGianascian, Mesrobio.$0(OLS)http://semarc/name/42498 700 0 $aNerses : Clajensis,$c.$0(OLS)http://semarc/name/40923 850 $aSeMil 852 $aSeMil$W1$xVenegono$y1$m3H V 7$j112581$B112581$CSeMilBibl$Z2$F124904 $81 900 1 $a?norhali, Nerses. 941 1 $a3 961 $aLascito: Colombo Card. Giovanni 996 $6245$aInni sacri di San Nersès il Grazioso patriarca degli Armeni 1102-1173 :$bin occasione dell'ottavo centenario della morte, 1173-1973$9(OLS)http://semarc/title/144083 996 $6260$aVenezia :$bSan Lazzaro$9(OLS)http://semarc/publisher/35977 LEADER 01397nam a2200289 i 4500 001 000000057204 003 CaOOAMICUS 005 20220429123345.0 008 130114s1977 it u000 u ita u 013 $a28376 040 $aSeMil$bita 100 0 $aMaria Lúcia : de Jesus e do Coração Imaculado,$c.$0(OLS)http://semarc/name/92240 240 10$aMemórias e cartas de irmá Lúcia.$0(OLS)http://semarc/title/88996 245 10$aLucia racconta Fatima :$bmemorie, lettere e documenti di Suor Lucia /$cPresentazione e note di Antonio Maria Martins. 264 1$aBrescia :$bQueriniana,$c1977. 300 $a177 p. ;$c22 cm. 650 4$aMaria Lúcia : de Jesus e do Coração Imaculado <1907-2005> - Diari e memorie.$0(OLS)http://semarc/subject/31104 650 4$aMadonna - Apparizioni - Fatima.$0(OLS)http://semarc/subject/900 700 1 $aMartins, António Maria .$0(OLS)http://semarc/name/90554 850 $aSeMil 852 $aSeMil$W1$xVenegono$y1$m2L III 177$j23358$B23358$CSeMilBibl$Z2$F23360 $81 900 1 $aSuor Lucia. 961 $aOmaggio: Mezzanotti mons. Alessandro 996 $6245$aLucia racconta Fatima :$bmemorie, lettere e documenti di Suor Lucia$9(OLS)http://semarc/title/88995 996 $6264$aBrescia :$bQueriniana$9(OLS)http://semarc/publisher/29615